Clic Records des Grammy Awards - Statistiques

Statistiques générales
  • Ce quiz a été pris 167 fois
  • Le résultat moyen est 6 sur 11
Statistiques - réponses
Hint Explanation Réponse % Correct
1ère femme distinguée pour un album de Rap 2019 Cardi B
74%
Plus jeune artiste à gagner la récompense pour son album 18 ans Billie Eilish
73%
Ex-aequo Artistes masculins ayant reçu le plus de récompenses en une soirée 8 Carlos Santana & Michael Jackson
66%
Artiste féminine la plus nommée 88 Beyoncé
61%
1ère artiste trans à recevoir un prix 2023 Kim Petras
61%
Artiste ayant remporté 4 fois la récompense pour l'album de l'année 2024 Taylor Swift
59%
Artiste masculin le plus nommé 88 Jay-Z
58%
Artiste féminine la plus récompensée 32 Beyoncé
57%
Ex-aequo Albums les plus récompensés 9 Supernatural & How ton dismantle an atomic bomb
40%
Artistes féminines ayant reçu le plus de récompenses en une soirée 6 Adele & Beyoncé
38%
Artiste masculin le plus récompensé 31 Georg Solti
15%
Aucun quiz correspondant
Distribution des résultats
% des personnes avec chaque résultat
Percentile par nombre de réponses
Votre historique - résultats
Vous n’avez pas pris ce quiz